| 000 | 00353nam a22001457a 4500 | ||
|---|---|---|---|
| 020 | _a978-0782117479 | ||
| 041 | _aENG | ||
| 100 | _aMoseley .L.E | ||
| 245 | _aMastering Microsoft Office Professional For Windows 95 | ||
| 260 |
_aDelhi _bBPB Publications _c1996 |
||
| 300 | _a1083 | ||
| 650 | _aComputer | ||
| 700 | _aBoodey .D.M | ||
| 856 | _uComputer | ||
| 999 |
_c770 _d770 |
||